00888naa#a2200181#i#4500001001500000005001700015011001400032100004100046102000700087200025200094210011800346215001000464608004500474675006100519700005000580700006200630856001400692RU\\bibl\9979620260517070516.7##a2658-3488##a20250630b2025####ek#y0rusy0150####ca##aRU1#aМОДЕЛИРОВАНИЕ ФУНКЦИОНАЛЬНОГО СОСТАВА АВТОМАТИЗИРОВАННОЙ СИСТЕМЫ ВЫБОРА МЕТОДА ОБРАБОТКИ И РЕЖУЩЕГО ИНСТРУМЕНТАeЖурнальная статья1#aБрянскcБрянский государственный технический университетd2025##a5 с.##aЖурнальная статья2local##aМетоды построения системы. 001.51#1aЮдинgДенис Владимирович#1aФеофановgАлександр Николаевич4#azh-szf.ru